Gulliver's travels / (Record no. 30545)

MARC details
000 -LEADER
fixed length control field 00979nam a2200265 4500
005 - DATE AND TIME OF LATEST TRANSACTION
control field 20090922122720.0
008 - FIXED-LENGTH DATA ELEMENTS--GENERAL INFORMATION
fixed length control field 700624s1969 ii b 000 0 eng
010 ## - LCCN (DPL NO)
LC control number B-358126
020 ## - INTERNATIONAL STANDARD BOOK NUMBER
International Standard Book Number 8181070135
Terms of availability 150.00
035 ## - SYSTEM CONTROL NUMBER
System control number B-358126
037 ## - SOURCE OF ACQUISITION
Source of stock number/acquisition DBAD / PUB
040 ## - CATALOGING SOURCE
Original cataloging agency dpl
Language of cataloging English
082 ## - DEWEY DECIMAL CLASSIFICATION NUMBER
Classification number S
100 ## - MAIN ENTRY--PERSONAL NAME
Personal name Swift, Jonathan
245 ## - TITLE STATEMENT
Title Gulliver's travels /
Statement of responsibility, etc by Jonathan Swift; edited & compiled by Reema Prashar; illustrated by Shankar Nayak
260 ## - PUBLICATION, DISTRIBUTION, ETC. (IMPRINT)
Place of publication, distribution, etc New Delhi
Name of publisher, distributor, etc Vishv Pustak Kendra
Date of publication, distribution, etc 2007
270 ## - ADDRESS
Address A-47, Amar Colony, Lajpat Nagar,
City New Delhi
Postal code 110024
300 ## - PHYSICAL DESCRIPTION
Extent 152p. :
Dimensions 22cm(Hb)
Other physical details ill.
490 ## - SERIES STATEMENT
Series statement Slilver bell children classics
650 ## - SUBJECT ADDED ENTRY--TOPICAL TERM
Topical term or geographic name as entry element Children's stories, English
700 ## - ADDED ENTRY--PERSONAL NAME
Personal name Prashar, Reema
700 ## - ADDED ENTRY--PERSONAL NAME
Personal name Nayak \,Shankar
942 ## - ADDED ENTRY ELEMENTS (KOHA)
Source of classification or shelving scheme Dewey Decimal Classification
Item type Children Books
Classification part S
Call number suffix SWI
Holdings
Withdrawn status Lost status Source of classification or shelving scheme Damaged status Not for loan Collection code Home library Current library Date acquired Source of acquisition Cost, normal purchase price Total Checkouts Total Renewals Full call number Barcode Date last seen Copy number Cost, replacement price Koha item type
Withdrawn   Dewey Decimal Classification     Fiction Janak Puri Janak Puri 22/09/2009 DBAD / PUB 150.00 24 2 S SWI B-358126 26/12/2013 1 150.00 Children Books

© Delhi Public Library
Hit Counter
free hit counter